000
00315nam a2200121Ia 4500
008
190216s9999||||xx |||||||||||||| ||und||
100
_a
"William H Newman,Kirby Warren & Andrew R"
245
0
_a
Process Of Management
260
_b
Mannora Publications
_c
1988
300
_a
624p
650
_a
Commerce
942
_c
BK
999
_c
4966
_d
4966